| 000 | 00582nam a22001697a 4500 | ||
|---|---|---|---|
| 003 | NUST | ||
| 038 | _aNusrat Nadeem | ||
| 082 | _a200 | ||
| 100 |
_aKhan, Jamal Ahmed _929198 |
||
| 245 |
_aA Multidimensional Impact Analysis of Heterogeneous Factors on Mobility of a Multilane Highway/ _c Jamal Ahmed Khan |
||
| 264 |
_aIslamabad, _bSCEE NUST, _c2023. |
||
| 300 |
_aill: _b223,p: _c30,p: |
||
| 650 |
_aPhD-Transportation Engineering _9123786 |
||
| 700 |
_aSupervisor: Dr. Arshad Hussain _9120181 |
||
| 856 | _uhttp://10.250.8.41:8080/xmlui/handle/123456789/37652 | ||
| 942 |
_2ddc _cSC |
||
| 999 |
_c607593 _d607593 |
||